000 00648nam a2200229Ia 4500
003 OSt
005 20220918214751.0
006 a|||||r|||| 00| 0
007 ta
008 220917b |||||||| |||| 00| 0 eng d
024 _a138,893
037 _cTextual
040 _aARTS
_cARTS
_beng
041 _2eng
_aeng
082 _aY0aD6:48x, K4
100 _aTaubenfeld Howard J ed
_9132483
245 0 _aSpace and society
_b studies for the seminar on problems of outer space
260 _aN.Y
_bOcean
_c1964
650 _aSOCIOLOGY
942 _hY0aD6:48x, K4
_cTEXL
_2CC
999 _c261941
_d261941